Hunter x Hunter Nen Abilities - Statistics

General Stats
  • This quiz has been taken 1,579 times
    831 since last reset
  • The average score is 21 of 47
Answer Stats
Hint Answer % Correct
Jajanken Gon Freecss
95%
Godspeed Killua Zoldyck
93%
Bungee Gum Hisoka Morow
92%
Emperor Time Kurapika
79%
Skill Hunter Chrollo Lucilfer
75%
100-Type Guanyin Bodhisattva Isaac Netero
74%
Crazy Slots Kite
71%
Doctor Blythe Neferpitou
69%
Needlemen Illumi Zoldyck
65%
Pain Packer Feitan Portor
63%
Magical Esthetician Biscuit Krueger
59%
Chapter 7 Bankruptcy Knuckle Bine
59%
Dragon Head Zeno Zoldyck
59%
Nen Stitches Machi Komacine
57%
Big Bang Impact Uvogin
52%
Memory Bomb Pakunoda
50%
Double Machine Gun Franklin Bordeau
48%
Blinky Shizuku Murasaki
48%
Deep Purple Morel Mackernasey
47%
Hotel Rafflesia Shoot McMahon
46%
Little Flower Genthru
44%
Ripper Cyclotron Phinks Magcub
41%
Lovely Ghostwriter Neon Nostrade
40%
Black Voice Shalnark
40%
Hide and Seek Knov
39%
Gallery Fake Kortopi
38%
14 Devils Razor
34%
White/Black Goreinu Goreinu
33%
Rental Pod Leol
32%
Rainbow Arrows Pokkle
32%
Battle Cantabile Bonolenov Ndongo
30%
Instant Lover Baise
28%
Missileman Welfin
28%
Dance of the Serpent's Bite Kalluto Zoldyck
27%
Tiger Bite Fist Kastro
26%
Wink Blue Palm Siberia
26%
Spiritual Message Shaiapouf
26%
Great Haikuist Basho
25%
Perfect Plan Meleoron
25%
Satellite Dragonflies Flutter
24%
Living Dead Dolls Ikalgo
23%
Tornado Top Gido
21%
Fun Fun Cloth Owl
20%
Queen Shot Zazan
20%
Rider's High Tsubone
13%
Love Shower Pike
11%
Aura Burst Riehlvelt
9%
No matching quizzes found
Score Distribution
Percent of People with Each Score
Percentile by Number Answered
Your Score History
You have not taken this quiz since the last reset